|
|
|
|
| LEADER |
00000ny a22000003n 4500 |
| 005 |
20110525101424.0 |
| 008 |
080610s2004 sp s 000 0 spa c |
| 017 |
|
|
|a D.L. B.28259-2004
|
| 020 |
|
|
|a 8497881524
|
| 035 |
|
|
|a 1261
|
| 040 |
|
|
|a UMA.RE
|d vLex
|
| 080 |
|
|
|a 658.3(0.034)
|
| 090 |
|
|
|c 246
|d 246
|
| 100 |
1 |
|
|a Rodrg̕uez-Serrano, Juan Carlos
|
| 245 |
1 |
3 |
|a El modelo de gestion de recursos humanos
|h [Recurso electrn̤ico]
|b [un enfoque tradicionalmente nuevo sobre gestin̤ de personas] /
|c Juan Carlos Rodrg̕uez-Serrano
|
| 256 |
|
|
|a Servicio en ln̕ea
|
| 260 |
|
|
|a Barcelona :
|b Universitat Oberta de Catalunya,
|c 2004
|
| 506 |
1 |
|
|a Contenido solo disponible en los productos indicados
|d vLex Global
|d vLex Global (Academic Edition, excluding Law Schools)
|d vLex Global (U.S. Academic Edition, Law Schools)
|d vLex Global (U.S. Academic Edition, excluding Law Schools)
|d vLex Global (Academic Edition, Law Schools)
|
| 650 |
0 |
7 |
|a Laboral
|2 Tesauro vLex
|
| 650 |
0 |
7 |
|a Recursos humanos
|2 Tesauro vLex
|
| 740 |
0 |
|
|a vLex Libros (Servicios en ln̕ea)
|
| 856 |
4 |
0 |
|u http://vlex.com/source/1261
|z Acceso restringido
|
| 942 |
|
|
|c BOOK
|
| 999 |
0 |
|
|a Labor laws and legislation
|b Madrid
|